Optimalizácia uchovávania dát v sieti na doručovanie obsahu

Saved in:
Bibliographic Details
Main Author: Horáček, Michal (Author)
Other Authors: Roštecký, Richard (Thesis advisor)
Format: Manuscript Book
Language:Slovak
Published: 2016
Subjects:
Online Access:http://is.stuba.sk/zp/portal_zp.pl?podrobnosti=132437
Tags: Add Tag
No Tags, Be the first to tag this record!

MARC

LEADER 00000ntm a22000003a 4500
001 stuzp59353
003 SK-STU
005 20160906105309.2
007 ta
008 150427s2015----xo-----f-mn---000-0-slo-d
040 |a STU  |b slo 
041 0 |a slo 
044 |a xo 
100 1 |a Horáček, Michal  |u 035000  |4 aut  |U FEI Fakulta elektrotechniky a informatiky  |T FEI Ústav informatiky a matematiky  |X 60336  |U E050  |Y 816  |7 60336 
242 0 1 |a Optimizing data storage for content delivery network  |y eng 
245 1 0 |a Optimalizácia uchovávania dát v sieti na doručovanie obsahu 
260 |c 2016 
300 |a 40 s.,   |b CD-ROM 
650 4 |a standards HLS, HDS, MPEG - Dash  |2 eng 
650 4 |a file systems  |2 eng 
650 4 |a video stream  |2 eng 
650 4 |a štandardy HLS, HDS, MPEG-Dash  |2 slo 
650 4 |a súborové systémy  |2 slo 
650 4 |a video stream  |2 slo 
700 1 |a Roštecký, Richard  |u 070400  |k Z3  |4 ths  |U FIIT Fakulta informatiky a informačných technológií  |T FIIT Ústav počítačového inžinierstva a aplikovanej informatiky  |X 64550  |U I400  |Y 672  |7 A000064550 
856 4 |u http://is.stuba.sk/zp/portal_zp.pl?podrobnosti=132437 
996 |b 284ER02282  |c E*Bc- 2282  |l EE35  |s P  |a 0  |w stuzp59353_0001 
SQL |a stuzp59353  |b DBP  |c SLO  |d Optimalizácia uchovávania dát v sieti na doručovanie obsahu  |e 60336  |f Horáček, Michal  |g 035000  |h 64550  |i Roštecký, Richard  |j 20160707  |k 73  |l 03  |m http://is.stuba.sk/zp/portal_zp.pl?podrobnosti=132437  |n B-API  |o 9.2.9. aplikovaná informatika